Pohronie týždenník Levického okresu

Bibliographic Details
Previous Title:Južné Pohronie
Format: Newspaper
Language:Slovak
PhysicalDescription:48 zv. 42-47 cm
Published: V Leviciach OV KSS ONV 1968-1/2015
Levice ONV
Levice Okresný úrad
Levice InProPos
43/1992-2/1997 Levice Regpress
3/1997-28/2003 Levice Commeth
29/2003-40/2004 Tlmače SB Press
41/2004-1/2015 Šurany Vitur
Subjects:

MARC

LEADER 00000cas a2200000 a 4500
001 vtls008427005
003 SK-MaSNL
005 20260228160930.0
008 170626d19682015xo wr|ne 0 b0slo
022 |y 1337-4656 
035 |a (SVKBB03)vtls000118676 
040 |a SNK  |b slo  |c SNK  |e AACR2 
041 0 |a slo 
043 |a e-xo--- 
044 |a xo  |c SK 
072 7 |a 316.7  |x Sociológia kultúry. Kultúrny život  |2 konspekt 
080 |a (051)+(054)(437.6)  |2 2011 
080 |a 316.728  |2 2011 
080 |a (437.6)  |2 2011 
080 |a 050  |2 2001 
084 |a Index 48 306 
245 0 0 |a Pohronie  |b týždenník Levického okresu 
260 |a V Leviciach  |b OV KSS  |b ONV  |c 1968-1/2015 
260 2 |3 39/1989-2/1990  |a Levice  |b ONV 
260 2 |3 3/1990-26/1991  |a Levice  |b Okresný úrad 
260 2 |3 27/1991-42/1992  |a Levice  |b InProPos 
260 2 |a 43/1992-2/1997  |a Levice  |b Regpress 
260 2 |a 3/1997-28/2003  |a Levice  |b Commeth 
260 2 |a 29/2003-40/2004  |a Tlmače  |b SB Press 
260 3 |a 41/2004-1/2015  |a Šurany  |b Vitur 
300 |a 48 zv.  |c 42-47 cm 
310 |a 1x týždenne 
362 0 |a Roč. 2(14), č. 1 (1968)-roč. 70, č. 1 (2015) 
500 |a Registračné číslo: J - 2003/02331, EV 238/08, EV 3617/09 
500 |a Uvádzané ISSN je chybné, patrí titulu Pohronie z r. 1928 
500 |a Od č. 39/2000-č. 39/2001 v podnázve uvedené: distribuuje sa aj v častiach okresov Zlaté Moravce, Žarnovica, Veľký Krtíš, Nitra, Krupina 
500 |a Podnázvy sa menia 
500 |a Redaktori sa menia 
500 |a V r. 1991 č. 28, 30, 32 rozmer zv. 42 cm 
500 |a Od č. 40/2001-2004 v podnázve uvedené: distribuuje sa aj v častiach okresov Zlaté Moravce, Nitra 
500 |a Nadväzuje na ročníkovanie predchádzajúceho titulu: Južné Pohronie 
500 |a V r. 2013-2015 rozmer zv. 47 cm 
500 |a V r. 1960-1990, 1992-2012 rozmer zv. 46 cm 
515 |a Niektoré čísla vychádzajú ako dvojčíslo 
515 |a V r. 1973 chybné číslovanie 31, 32, 33 - správne 32, 33, 34 
515 |a V r. 1974 v č. 1 nesprávy ročník 7(19) - správne 7(20) 
515 |a Od r. 1975 posunuté ročníkovanie z roč. 8(21) na roč. 8(30), ktoré pokračuje roč. 9(31), 10(32) atď. 
515 |a V r. 1976 uvedené nesprávne č. 24 - správne č. 22 
515 |a V r. 1978 uvedené nesprávne č. 40 - správne č. 41, nesprávne č. 44 - správne č. 45 
515 |a V júli 1991 noviny z technických dôvodov nevyšli, vychádzajú až v auguste, číslovanie pokračuje ; č. 7 uvedené 2x, č. 18 2x, č. 19 2x 
525 |a Prílohy: Výňatok z referátu ved. tajomníka OV KSS s. Štefana Uhnáka ; Žatevný spravodaj ; Garamvölgye ; Zamestnanie ; Financie ; Telemagazín 
525 |a Číslované a ročníkované prílohy: Budovateľ ; Automobilizmus ; Poisťovníctvo, bankovníctvo ; Regióny a nová sociálna politika ; Načo NATO? ; Ekonomická príloha Pohronia ; Mystik - magická perla 
525 |a Od č. 1 (2012) vychádza v každom čísle príloha: Samosprávne noviny 
525 |a Špeciálna príloha: Rotary international 
525 |a Mimoriadna príloha: Mimoriadne Pohronie 
650 0 7 |a spoločenský život  |2 SNKPH  |9 28654 
651 7 |a Levice (Slovensko : okres)  |2 SNKPH  |9 15245 
655 7 |a regionálne periodiká  |2 SNKPH  |9 131775 
752 |a Slovensko  |d Levice 
780 0 0 |t Južné Pohronie  |w vtls001374469 
850 |a Slovenská národná knižnica v Martine 
910 |a snk 
916 |a 1968-1/2015 
958 |a OND 
999 |c 3942  |d 5872 
952 |0 0  |1 0  |4 0  |7 0  |8 0  |a SNK  |b SNK  |d 1999-10-12  |f 1  |i snkČSP 3947/92  |l 0  |o snkČSA 589/24(46)1991  |p 17A0213702  |r 2005-01-02 00:00:00  |t č. 1-47  |w 2026-02-21  |y PREZ 
952 |0 0  |1 0  |4 0  |7 0  |8 0  |a SNK  |b SNK  |d 2004-06-09  |i snkČSP 371/99  |l 0  |o snkČSA 589/29(51)/1996 D1  |p 17A0430884  |r 2005-01-02 00:00:00  |t č. 1-49  |w 2026-02-21  |y PREZ 
952 |0 0  |1 0  |4 0  |7 0  |8 0  |a SNK  |b SNK  |d 2004-06-09  |i snkČSP 1147/96  |l 0  |o snkČSA 589/28(50)/1995 D1  |p 17A0430885  |r 2005-01-02 00:00:00  |t č. 1-50  |w 2026-02-21  |y PREZ 
952 |0 0  |1 0  |4 0  |7 0  |8 0  |a SNK  |b SNK  |d 2004-06-10  |f 1  |i snkČSP 370/99  |l 0  |o snkČSA 589/29(51)/1996  |p 17A0430845  |r 2005-01-02 00:00:00  |t č. 1-49  |w 2026-02-21  |y PREZ 
952 |0 0  |1 0  |4 0  |7 0  |8 0  |a SNK  |b SNK  |d 2004-06-10  |f 1  |i snkČSP 1146/96  |l 0  |o snkČSA 589/28(50)/1995  |p 17A0430262  |r 2005-01-02 00:00:00  |t č. 1-50  |w 2026-02-21  |y PREZ 
952 |0 0  |1 0  |4 0  |7 0  |a SNK  |b SNK  |d 2017-12-12  |i snkČSP 405/82  |l 0  |o snkČSA 589/14(36)/1981 D1  |p 17A1153667  |r 2026-02-21 20:20:18  |t č. 1-52  |w 2026-02-21  |y PREZ 
952 |0 0  |1 0  |4 0  |7 0  |8 0  |a SNK  |b SNK  |d 2007-03-30  |f 1  |i snk2007/9023  |l 0  |o snkČSA 589/36(58)/2003  |p 17A0534657  |r 2026-02-21 20:38:26  |t č. 1-49 + 3 príl.  |w 2026-02-21  |y PREZ  |z Prílohy: Nástenný kalendár - v č. 1; Zamestnanie - v č. 36 ; Financie - v č. 45 
952 |0 0  |1 0  |4 0  |7 0  |8 0  |a SNK  |b SNK  |d 2007-03-30  |i snk2007/9024  |l 0  |o snkČSA 589/36(58)/2003 D1  |p 17A0534658  |r 2026-02-21 20:38:26  |t č. 1-49, neúplné  |w 2026-02-21  |y PREZ  |z chýba č. 43 
952 |0 0  |1 0  |4 0  |7 0  |a SNK  |b SNK  |d 2007-11-06  |i snkČSP 2536/1990  |l 0  |o snkČSA 589/22(44)/1989 D1  |p 17A0565976  |r 2026-02-21 21:22:23  |t č. 1-52  |w 2026-02-21  |y PREZ 
952 |0 0  |1 0  |4 0  |7 0  |a SNK  |b SNK  |d 2007-11-06  |i snkČSP 2550/87  |l 0  |o snkČSA 589/19(41)/1986 D1  |p 17A0565975  |r 2026-02-21 21:22:25  |t č. 1-52  |w 2026-02-21  |y PREZ 
952 |0 0  |1 0  |4 0  |7 0  |8 0  |a SNK  |b SNK  |d 2013-02-21  |f 1  |i snk2013/4454  |l 0  |o snkČSA 589/37(59)/2004  |p 17A1046417  |r 2026-02-21 21:30:58  |t č. 1-50 + 6 príl.  |w 2026-02-21  |y PREZ  |z Prílohy: Regióny a nová sociálna politika č. 5/1, 8/1 - v č. 44 ; Regióny a nová sociálna politika č. 6/1 - v č. 37 ; Regióny a nová sociálna politika č. 7/1 - v č. 40 ; Načo NATO? č. 1 - v č. 45 ; Chýba príloha Zamestnanie v č. 10 
952 |0 0  |1 0  |4 0  |7 0  |8 0  |a SNK  |b SNK  |d 2013-02-21  |f 1  |i snk2013/4463  |l 0  |o snkČSA 589/60/2005  |p 17A1046418  |r 2026-02-21 21:30:58  |t č. 1-49 + 2 príl.  |w 2026-02-21  |y PREZ  |z Prílohy:Regióny a sociálna politika - v č. 1 ; Regióny a sociálna politika č. 10 - v č. 2 
952 |0 0  |1 0  |4 0  |7 0  |8 0  |a SNK  |b SNK  |d 2013-02-25  |f 1  |i snk2013/4574  |l 0  |o snkČSA 589/62/2007  |p 17A1046420  |r 2026-02-21 21:30:59  |t č. 1-47  |w 2026-02-21  |y PREZ 
952 |0 0  |1 0  |4 0  |7 0  |8 0  |a SNK  |b SNK  |d 2013-02-25  |f 1  |i snk2013/4576  |l 0  |o snkČSA 589/63/2008  |p 17A1046421  |r 2026-02-21 21:30:59  |t č. 1-48  |w 2026-02-21  |y PREZ 
952 |0 0  |1 0  |4 0  |7 0  |8 0  |a SNK  |b SNK  |d 2013-02-25  |f 1  |i snk2013/4577  |l 0  |o snkČSA 589/64/2009  |p 17A1046422  |r 2026-02-21 21:30:59  |t č. 1-48 + 5 príl.  |w 2026-02-21  |y PREZ  |z Prílohy: Ekonomická príloha Pohronia č. 1 - v č. 21 ; Ekonomická príloha Pohronia č. 2 - v č. 25 ; Ekonomická príloha Pohronia č. 3 - v č. 35 ; Ekonomická príloha Pohronia č. 4 - v č. 42 ; Ekonomická príloha Pohronia č. 5 - v č. 44  
952 |0 0  |1 0  |4 0  |7 0  |8 0  |a SNK  |b SNK  |d 2013-02-25  |f 1  |i snk2013/4581  |l 0  |o snkČSA 589/65/2010  |p 17A1046423  |r 2026-02-21 21:30:59  |t č. 1-48 + 6 príl.  |w 2026-02-21  |y PREZ  |z Prílohy: Mystik-Magická perla č. 1 - v č. 10 ; Mystik-Magická perla č. 2 - v č. 15 ; Ekonomická príloha Pohronia č. 1 - v č. 8 ; Ekonomická príloha Pohronia č. 2 - v č. 12 ; Ekonomická príloha Pohronia č. 3 - v č. 17 ; Ekonomická príloha Pohronia č. 4 - v č. 25 
952 |0 0  |1 0  |4 0  |7 0  |8 0  |a SNK  |b SNK  |d 2013-02-25  |f 1  |i snk2013/4582  |l 0  |o snkČSA 589/66/2011  |p 17A1046424  |r 2026-02-21 21:30:59  |t č. 1-48 + 8 príl.  |w 2026-02-21  |y PREZ  |z Prílohy: Partnerstvo pre vás a váš región vyd. 1. - v č. 2 ; Partnerstvo pre vás a váš región vyd. 2 - v č. 4 ; Partnerstvo pre vás a váš región vyd. 3 - v č. 6 ; Ekonomická príloha Pohronia č. 1 - v č. 7 ; Ekonomická príloha Pohronia č. 2 - v č. 11 ; Ekonomická príloha Pohronia č. 3 - v č. 16 ; Ekonomická príloha Pohronia č. 4 - v č. 20 ; Ekonomická príloha Pohronia č. 5 - v č. 26 
952 |0 0  |1 0  |4 0  |7 0  |8 0  |a SNK  |b SNK  |d 2013-02-25  |f 1  |i snk2013/4596  |l 0  |o snkČSA 589/67/2012  |p 17A1046425  |r 2026-02-21 21:31:00  |t č. 1-48 + 10 príl.  |w 2026-02-21  |y PREZ  |z Prílohy: Ekonomická príloha Pohronia č. 1 - v č. 3 ; Ekonomická príloha Pohronia č. 2 - v č. 7 ; Ekonomická príloha Pohronia č. 3 - v č. 12 ; Ekonomická príloha Pohronia č. 4 - v č. 16 ; Ekonomická príloha Pohronia č. 5 - v č. 21 ; Ekonomická príloha Pohronia č. 6 - v č. 25 ; Ekonomická príloha Pohronia č. 7 - v č. 35 ; Ekonomická príloha Pohronia č. 9 - v č. 44 ; Ekonomická príloha Pohronia č. 10 - v č. 46 ; špec. príloha: Rotary international - v č. 19 ; ; Od č. 1 vychádza v každom čísle príloha: Samosprávne noviny 
952 |0 0  |1 0  |4 0  |7 0  |8 0  |a SNK  |b SNK  |d 2013-02-22  |f 1  |i snk2013/4548  |l 0  |o snkČSA 589/61/2006  |p 17A1046419  |r 2026-02-21 21:31:00  |t č. 1-48, neúplné  |w 2026-02-21  |y PREZ  |z Chýba č. 45 
952 |0 0  |1 0  |4 0  |7 0  |a SNK  |b SNK  |d 2017-10-18  |i snkĆSP 689/70  |l 0  |o snkČSA 589/2(14)/1968 D1  |p 17A1188607  |r 2026-02-21 22:04:33  |t č. 1-50, úplný  |w 2026-02-21  |y PREZ 
952 |0 0  |1 0  |4 0  |7 0  |a SNK  |b SNK  |d 2017-06-09  |f 1  |i snkČSP 117/70  |l 0  |o snkČSA 589/2(14)/1968  |p 17A0786052  |r 2026-02-21 22:18:06  |t č. 1-50 + 2 mim. č.  |w 2026-02-21  |y PREZ  |z Prílohy: Mimoriadne Pohronie (28.8.), Mimoriadne Pohronie (6.9.) - v č.34 
952 |0 0  |1 0  |4 0  |7 0  |a SNK  |b SNK  |d 2017-06-09  |f 1  |i snkČSP 109/70  |l 0  |o snkČSA 589/3(15)/1969  |p 17A0786053  |r 2026-02-21 22:18:06  |t č. 1-52, neúplné  |w 2026-02-21  |y PREZ  |z Chýba č. 31 
952 |0 0  |1 0  |4 0  |7 0  |a SNK  |b SNK  |d 2017-06-09  |f 1  |i snkČSP 129/71  |l 0  |o snkČSA 589/4(16)/1970  |p 17A0786047  |r 2026-02-21 22:18:06  |t č. 1-51  |w 2026-02-21  |y PREZ 
952 |0 0  |1 0  |4 0  |7 0  |a SNK  |b SNK  |d 2017-06-09  |f 1  |i snkČSP 189/72  |l 0  |o snkČSA 589/5(17)/1971  |p 17A0786125  |r 2026-02-21 22:18:06  |t č. 1-52  |w 2026-02-21  |y PREZ 
952 |0 0  |1 0  |4 0  |7 0  |a SNK  |b SNK  |d 2017-06-13  |f 1  |i snkČSP 496/73  |l 0  |o snkČSA 589/5(18)/1972  |p 17A0786042  |r 2026-02-21 22:18:15  |t č. 1-52, neúplné  |w 2026-02-21  |y PREZ  |z Chýba č. 13 
952 |0 0  |1 0  |4 0  |7 0  |a SNK  |b SNK  |d 2017-06-16  |f 1  |i snkČSP 3444/93  |l 0  |o snkČSA 589/25(47)1992  |p 17A0768906  |r 2026-02-21 22:18:15  |t č. 1-46  |w 2026-02-21  |y PREZ 
952 |0 0  |1 0  |4 0  |7 0  |a SNK  |b SNK  |d 2017-06-16  |f 1  |i snkČSP 3130/94  |l 0  |o snkČSA 589/26(48)1993  |p 17A0768905  |r 2026-02-21 22:18:15  |t č. 1-48  |w 2026-02-21  |y PREZ 
952 |0 0  |1 0  |4 0  |7 0  |a SNK  |b SNK  |d 2017-06-16  |f 1  |i snkČSP 879/96  |l 0  |o snkČSA 589/27(49)1994  |p 17A0768904  |r 2026-02-21 22:18:15  |t č. 1-52  |w 2026-02-21  |y PREZ 
952 |0 0  |1 0  |4 0  |7 0  |a SNK  |b SNK  |d 2017-06-16  |f 1  |i snkČSP 372/99  |l 0  |o snkČSA 589/30(52)/1997  |p 17A0768707  |r 2026-02-21 22:18:15  |t č. 1-49  |w 2026-02-21  |y PREZ 
952 |0 0  |1 0  |4 0  |7 0  |a SNK  |b SNK  |d 2017-06-16  |f 1  |i snkČSP 374/99  |l 0  |o snkČSA 589/31(53)/1998  |p 17A0768713  |r 2026-02-21 22:18:15  |t č. 1-49  |w 2026-02-21  |y PREZ 
952 |0 0  |1 0  |4 0  |7 0  |a SNK  |b SNK  |d 2017-06-16  |f 1  |i snkČSP 2327/2002  |l 0  |o snkČSA 589/32(54)/1999  |p 17A0768706  |r 2026-02-21 22:18:15  |t č. 1-49 + 2 príl.  |w 2026-02-21  |y PREZ  |z Prílohy: Poisťovníctvo, bankovníctvo č. 1 - v č. 14, Automobilizmus č. 2 - v č. 26 
952 |0 0  |1 0  |4 0  |7 0  |a SNK  |b SNK  |d 2017-06-16  |f 1  |i snkČSP 2325/2002  |l 0  |o snkČSA 589/33(55)/2000  |p 17A0768712  |r 2026-02-21 22:18:15  |t č. 1-49 + 13 príl.  |w 2026-02-21  |y PREZ  |z Prílohy: Garamvögyel - v č. 46, 49 ; Telemagazín - v č. 39-49 
952 |0 0  |1 0  |4 0  |7 0  |a SNK  |b SNK  |d 2017-06-13  |f 1  |i snkČSP 668/74  |l 0  |o snkČSA 589/6(19)/1973  |p 17A0786048  |r 2026-02-21 22:18:16  |t č. 1-52  |w 2026-02-21  |y PREZ 
952 |0 0  |1 0  |4 0  |7 0  |a SNK  |b SNK  |d 2017-06-13  |f 1  |i snkČSP 687/75  |l 0  |o snkČSA 589/7(20)/1974  |p 17A0786046  |r 2026-02-21 22:18:16  |t č. 1-52  |w 2026-02-21  |y PREZ  |z V č. 1/1974 chybne označený roč. 7(19) - správne 7(20) 
952 |0 0  |1 0  |4 0  |7 0  |a SNK  |b SNK  |d 2017-06-16  |f 1  |i snkČSP 1476/2004  |l 0  |o snkČSA 589/34(56)/2001  |p 17A0778202  |r 2026-02-21 22:18:20  |t č. 1-49  |w 2026-02-21  |y PREZ 
952 |0 0  |1 0  |4 0  |7 0  |a SNK  |b SNK  |d 2017-06-16  |f 1  |i snkČSP 2281/2004  |l 0  |o snkČSA 589/35(57)/2002  |p 17A0778220  |r 2026-02-21 22:18:20  |t č. 1-49  |w 2026-02-21  |y PREZ 
952 |0 0  |1 0  |4 0  |7 0  |a SNK  |b SNK  |d 2017-06-13  |f 1  |i snkČSP 959/76  |l 0  |o snkČSA 589/8(30)/1975  |p 17A0786040  |r 2026-02-21 22:18:22  |t č. 1-52  |w 2026-02-21  |y PREZ  |z Od č. 1/1975 ročníkovanie posunuté na roč. 8(30) - správne 8(21), ale pokračuje roč. 9(31), 10(32) ... atď. 
952 |0 0  |1 0  |4 0  |7 0  |a SNK  |b SNK  |d 2017-06-13  |f 1  |i snkČSP 803/77  |l 0  |o snkČSA 589/9(31)/1976  |p 17A0786035  |r 2026-02-21 22:18:22  |t č. 1-52  |w 2026-02-21  |y PREZ  |z Nesprávne uvedené č. 24 - správne č. 22 
952 |0 0  |1 0  |4 0  |7 0  |a SNK  |b SNK  |d 2017-06-13  |f 1  |i snkČSP 1026/77  |l 0  |o snkČSA 589/10(32)/1977  |p 17A0786041  |r 2026-02-21 22:18:22  |t č. 1-52  |w 2026-02-21  |y PREZ 
952 |0 0  |1 0  |4 0  |7 0  |a SNK  |b SNK  |d 2017-06-13  |f 1  |i snkČSP 595/78  |l 0  |o snkČSA 589/11(33)/1978  |p 17A0786037  |r 2026-02-21 22:18:22  |t č. 1-52  |w 2026-02-21  |y PREZ 
952 |0 0  |1 0  |4 0  |7 0  |a SNK  |b SNK  |d 2017-06-13  |f 1  |i snkČSP 449/80  |l 0  |o snkČSA 589/12(34)/1979  |p 17A0786038  |r 2026-02-21 22:18:22  |t č. 1-52  |w 2026-02-21  |y PREZ  |z V roku 1978 uvedené nesprávne č. 40, správne 41 ; uvedené nesprávne č. 44, správne č. 45 
952 |0 0  |1 0  |4 0  |7 0  |a SNK  |b SNK  |d 2017-06-13  |f 1  |i snkČSP 771/81  |l 0  |o snkČSA 589/13(35)/1980  |p 17A0786023  |r 2026-02-21 22:18:22  |t č. 1-52  |w 2026-02-21  |y PREZ 
952 |0 0  |1 0  |4 0  |7 0  |a SNK  |b SNK  |d 2017-06-13  |f 1  |i snkČSP 404/82  |l 0  |o snkČSA 589/14(36)/1981  |p 17A0777854  |r 2026-02-21 22:18:22  |t č. 1-52  |w 2026-02-21  |y PREZ 
952 |0 0  |1 0  |4 0  |7 0  |a SNK  |b SNK  |d 2017-06-15  |f 1  |i snkČSP 45/83  |l 0  |o snkČSA 589/15(37)/1982  |p 17A0777872  |r 2026-02-21 22:18:29  |t č. 1-52  |w 2026-02-21  |y PREZ 
952 |0 0  |1 0  |4 0  |7 0  |a SNK  |b SNK  |d 2017-06-15  |f 1  |i snkČSP 373/84  |l 0  |o snkČSA 589/16(38)/1983  |p 17A0777878  |r 2026-02-21 22:18:29  |t č. 1-52  |w 2026-02-21  |y PREZ 
952 |0 0  |1 0  |4 0  |7 0  |a SNK  |b SNK  |d 2017-06-15  |f 1  |i snkČSP 307/85  |l 0  |o snkČSA 589/17(39)/1984  |p 17A0778223  |r 2026-02-21 22:18:29  |t č. 1-52  |w 2026-02-21  |y PREZ 
952 |0 0  |1 0  |4 0  |7 0  |a SNK  |b SNK  |d 2017-06-15  |f 1  |i snkČSP 1277/86  |l 0  |o snkČSA 589/18(40)/1985  |p 17A0778063  |r 2026-02-21 22:18:29  |t č. 1-52  |w 2026-02-21  |y PREZ 
952 |0 0  |1 0  |4 0  |7 0  |a SNK  |b SNK  |d 2017-06-15  |f 1  |i snkČSP 2549/87  |l 0  |o snkČSA 589/19(41)/1986  |p 17A0777944  |r 2026-02-21 22:18:29  |t č. 1-52  |w 2026-02-21  |y PREZ 
952 |0 0  |1 0  |4 0  |7 0  |a SNK  |b SNK  |d 2017-06-15  |f 1  |i snkČSP 1731/88  |l 0  |o snkČSA 589/20(42)/1987  |p 17A0777942  |r 2026-02-21 22:18:29  |t č. 1-52 + 2 príl.  |w 2026-02-21  |y PREZ  |z Prílohy: Budovateľ, roč. 1, č. 1 - v č. 36 ; Budovateľ, roč. 1, č. 2 - v č. 50-51 
952 |0 0  |1 0  |4 0  |7 0  |a SNK  |b SNK  |d 2017-06-15  |f 1  |i snkČSP 835/89  |l 0  |o snkČSA 589/21(43)/1988  |p 17A0777943  |r 2026-02-21 22:18:29  |t č. 1-52 + 5 príl.  |w 2026-02-21  |y PREZ  |z Prílohy: Budovateľ, roč. 1, č. 3 - v č. 8 ; Budovateľ roč. 1, č. 4 - v č. 19 ; Budovateľ roč. 2, č. 1 - v č. 39 ; Budovateľ roč. 2, č. 2 - v č. 48 ; Garamvögyel - v č. 39 
952 |0 0  |1 0  |4 0  |7 0  |a SNK  |b SNK  |d 2017-06-15  |f 1  |i snkČSP 2535/90  |l 0  |o snkČSA 589/22(44)/1989  |p 17A0778207  |r 2026-02-21 22:18:29  |t č. 1-52 + 2 príl.  |w 2026-02-21  |y PREZ  |z Prílohy: Budovateľ roč. 2, č. 3 - v č. 9 ; Budovateľ roč. 2, č. 4 - v č. 24 
952 |0 0  |1 0  |4 0  |7 0  |a SNK  |b SNK  |d 2017-06-15  |f 1  |i snkČSP 1433/91  |l 0  |o snkČSA 589/23(45)/1990  |p 17A0778205  |r 2026-02-21 22:18:29  |t č. 1-52  |w 2026-02-21  |y PREZ 
952 |0 0  |1 0  |4 0  |7 0  |a SNK  |b SNK  |d 2017-12-07  |i snkČSP 958/76  |l 0  |o snkČSA 589/8(30)/1975 D1  |p 17A1188924  |r 2026-02-21 22:18:40  |t č. 1-52  |w 2026-02-21  |y PREZ  |z č. 1-52 
952 |0 0  |1 0  |4 0  |7 0  |a SNK  |b SNK  |d 2017-12-08  |i snkČSP 460/80  |l 0  |o snkČSA 589/12(34)/1979 D1  |p 17A1188959  |r 2026-02-21 22:19:06  |t č. 1-52  |w 2026-02-21  |y PREZ  |z č. 1-52 
952 |0 0  |1 0  |4 0  |7 0  |8 0  |a SNK  |b SNK  |d 2017-06-23  |f 1  |i snk2017/14760  |l 0  |o snkČSA 589/68/2013  |p 17A1207252  |r 2026-02-21 22:25:00  |t č. 1-47 + 7 príl.  |w 2026-02-21  |y PREZ  |z Prílohy: Ekonomická príloha Pohronia č. 1 - v č. 7 ; Ekonomická príloha Pohronia č. 2 - v č. 11 ; Ekonomická príloha Pohronia č. 3 - v č. 15 ; Ekonomická príloha Pohronia č. 4 - v č. 21 ; Ekonomická príloha Pohronia č. 5 - v č. 24 ; Ekonomická príloha Pohronia č. 6 - v č. 34 ; Ekonomická príloha Pohronia č. 7 - v č. 43 ; V každom čísle príloha: Samosprávne noviny 
952 |0 0  |1 0  |4 0  |7 0  |8 0  |a SNK  |b SNK  |d 2017-06-23  |f 1  |i snk2017/14792  |l 0  |o snkČSA 589/69/2014  |p 17A1207251  |r 2026-02-21 22:25:00  |t č. 1-47 + 8 príl.  |w 2026-02-21  |y PREZ  |z Prílohy: Ekonomická príloha Pohronia č. 1 - v č. 7 ; Ekonomická príloha Pohronia č. 2 - v č. 10 ; Ekonomická príloha Pohronia č. 3 - v č. 15 ; Ekonomická príloha Pohronia č. 4 - v č. 21 ; Ekonomická príloha Pohronia č. 5 - v č. 25 ; Ekonomická príloha Pohronia č. 6 - v č. 34 ; Ekonomická príloha Pohronia č. 8 - v č. 43 ; Ekonomická príloha Pohronia č. 9 - v č. 46-47 ; V každom čísle príloha: Samosprávne noviny 
952 |0 0  |1 0  |4 0  |7 0  |8 0  |a SNK  |b SNK  |d 2017-06-26  |f 1  |i snk2017/14839  |l 0  |o snkČSA 589/70/2015  |p 17A1207250  |r 2026-02-21 22:25:06  |t č. 1 + 2 príl.  |w 2026-02-21  |y PREZ  |z Číslom 1 končí vydávanie titulu ; Prílohy: Kalendár, Samosprávne noviny